Circulation and respiration : the evolution of an idea /

Bibliographic Details
Main Author: Graubard, Mark, 1904-
Format: Book
Language:English
Published: New York : Harcourt, Brace & World, [1964]
Series:Ideas in science.
Subjects:

MARC

Tag First Indicator Second Indicator Subfields
LEADER 00000cam a2200000 4500
001 in00000050376
005 20151007071813.0
008 730824s1964 nyuah b 00010 eng u
010 |a  64018773  
035 |a (OCoLC)00681897 
035 |9 AAE6667AM 
040 |c OBE  |d TXA  |d UtOrBLW 
049 |a TXAM  |c [451883] 
050 0 |a QP21  |b .G7 
092 |a 596.01  |b G774c, 1964 
100 1 |a Graubard, Mark,  |d 1904- 
245 1 0 |a Circulation and respiration :  |b the evolution of an idea /  |c [by] Mark Graubard. 
264 1 |a New York :  |b Harcourt, Brace & World,  |c [1964] 
300 |a ix, 278 pages :  |b illustrations, facsimiles ;  |c 21cm. 
336 |a text  |b txt  |2 rdacontent 
337 |a unmediated  |b n  |2 rdamedia 
338 |a volume  |b nc  |2 rdacarrier 
490 1 |a Ideas in science 
504 |a Bibliographical footnotes. 
650 0 |a Blood  |x Circulation. 
650 0 |a Respiration. 
650 0 |a Physiology  |x History. 
830 0 |a Ideas in science. 
999 |a MARS 
999 f f |s f5803156-7314-3bb3-92b3-29bede0a697b  |i 3cbf4924-f06d-374d-b6b8-8ed0e22495d6  |t 0 
952 f f |p ric  |a Texas A&M University  |b Rellis Campus  |c Joint Library Facility  |d Remote Storage  |t 0  |e QP21 .G7  |h Library of Congress classification  |i unmediated -- volume  |m A14801018354 
998 f f |a QP21 .G7  |t 0  |l Remote Storage